| 000 | 00524nam a2200193Ia 4500 | ||
|---|---|---|---|
| 008 | 131103s9999 xx 000 0 und d | ||
| 020 | _a0 85229 290 2 | ||
| 040 | _aLoreto College | ||
| 041 | _aEnglish | ||
| 082 |
_a032/ENC _bLCLIB |
||
| 245 | 4 |
_aThe New Encyclopaedia Britannica _b propaedia |
|
| 250 | _a15th ed. | ||
| 260 |
_aChicago _bEncyclopaedia Britannica _c1974 |
||
| 300 |
_a ill. _c 24cm |
||
| 504 | _aOut line of knowledge | ||
| 650 | _aEncyclopaedic dictionary | ||
| 850 | _aLCLIB/032/ENC | ||
| 942 | _cBK | ||
| 999 |
_c23659 _d74138 |
||